[Event "Witney op-B 9th"]
[Site "Witney"]
[Date "2022.11.06"]
[Round "4"]
[White "Abbott, Mark V"]
[Black "Timbrell, Matthew"]
[Result "0-1"]
[WhiteElo "1839"]
[BlackElo "1426"]
[PlyCount "98"]
[EventDate "2022.11.05"]
[EventType "swiss"]
[EventRounds "5"]
[EventCountry "ENG"]
[SourceTitle "CBM 211 Extra"]
[Source "ChessBase"]
[SourceDate "2023.01.31"]
[SourceVersion "1"]
[SourceVersionDate "2023.01.31"]
[SourceQuality "1"]

1. c4 e5 2. g3 Nf6 3. Bg2 c6 4. d4 exd4 5. Qxd4 d5 6. Bg5 dxc4 7. Bxf6 Qxf6 8. Qxf6 gxf6 9. Nf3 Bg7 10. Nbd2 Be6 11. a4 f5 12. Rb1 Bd5 13. 0-0 Nd7 14. Bh3 Nc5 15. Bxf5 Nxa4 16. e4 Be6 17. Bxe6 fxe6 18. Nxc4 Ke7 19. e5 b5 20. Na5 c5 21. Rfd1 Rhc8 22. Rd2 Bh6 23. Rd6 Rc7 24. Nc6+ Kf7 25. Nd8+ Ke7 26. Nxe6 Rd7 27. Nxc5 Rxd6 28. exd6+ Kxd6 29. Nxa4 bxa4 30. Nd4 Kc5 31. Ne6+ Kc4 32. f4 Kb3 33. Ra1 Rc8 34. Ra3+ Kb4 35. f5 Rc1+ 36. Kg2 Rc2+ 37. Kh3 Rxb2 38. Rd3 a3 39. Rd4+ Kb5 40. Rd5+ Kb4 41. Rd4+ Ka5 42. Rd5+ Rb5 43. Rd3 Kb4 44. Nd4 Rc5 45. Rb3+ Ka4 46. Rb7 a5 47. f6 a2 48. Nb3 Rb5 49. Rxh7 Kxb3 0-1

[Event "Coventry 4NCL op-B 16th"]
[Site "Coventry"]
[Date "2017.11.05"]
[Round "4"]
[White "Abbott, Mark V"]
[Black "Guha, Chirag"]
[Result "1-0"]
[WhiteElo "1867"]
[BlackElo "1768"]
[PlyCount "87"]
[EventDate "2017.11.03"]
[EventType "swiss"]
[EventRounds "5"]
[EventCountry "ENG"]
[SourceTitle "CBM 181 Extra"]
[Source "ChessBase"]
[SourceDate "2017.12.12"]
[SourceVersion "1"]
[SourceVersionDate "2017.12.12"]
[SourceQuality "1"]

1. d4 d5 2. c4 e5 3. dxe5 d4 4. Nf3 Nc6 5. g3 Nge7 6. Bg2 Ng6 7. Bg5 Be7 8. Bxe7 Qxe7 9. 0-0 0-0 10. Nxd4 Ncxe5 11. Qc2 Qc5 12. Nb3 Qe7 13. Nc3 c6 14. Nd2 f5 15. e3 Be6 16. b3 Rad8 17. Rad1 h5 18. Ne2 h4 19. Nf3 Nxf3+ 20. Bxf3 h3 21. Rxd8 Qxd8 22. Nf4 Nxf4 23. exf4 Qf6 24. Re1 Qf7 25. Qe2 Re8 26. Qf1 Rd8 27. Rd1 Re8 28. Qxh3 Qf6 29. Qf1 Bf7 30. Re1 Rd8 31. Rd1 Re8 32. Qd3 Bg6 33. Kg2 Qf7 34. Qd7 Re7 35. Qc8+ Kh7 36. Rd8 Re8 37. Rxe8 Qxe8 38. Qxb7 a5 39. Qxc6 Qe1 40. Qb5 Qd2 41. a3 Qb2 42. c5 Qxa3 43. c6 Qd6 44. Qb7 1-0

[Event "Milton Keynes 4NCL Major op 11th"]
[Site "Milton Keynes"]
[Date "2016.11.06"]
[Round "5.6"]
[White "Abbott, Mark V"]
[Black "Pink, Joshua"]
[Result "1-0"]
[WhiteElo "1856"]
[BlackElo "1935"]
[PlyCount "49"]
[EventDate "2016.11.04"]
[EventType "swiss"]
[EventRounds "5"]
[EventCountry "ENG"]
[SourceTitle "EXT 2023"]
[Source "ChessBase"]
[SourceDate "2022.10.05"]
[SourceVersion "1"]
[SourceVersionDate "2022.10.05"]
[SourceQuality "1"]

1. d4 Nf6 2. c4 c5 3. d5 e6 4. Nc3 exd5 5. cxd5 d6 6. e4 g6 7. h3 Bg7 8. Nf3 0-0 9. Bd3 b5 10. Nxb5 Re8 11. Bg5 Ba6 12. Qa4 Qd7 13. Bxf6 Bxf6 14. 0-0 Bxb2 15. Rab1 Bg7 16. Nd2 Bc8 17. Bc2 Rd8 18. Nc4 Bf8 19. Rfd1 Ba6 20. e5 Bxb5 21. Qxb5 Qxb5 22. Rxb5 a6 23. Rb7 Rd7 24. Rdb1 Rd8 25. Nb6 1-0

[Event "Milton Keynes 4NCL Major op 11th"]
[Site "Milton Keynes"]
[Date "2016.11.05"]
[Round "2.9"]
[White "Somton, Anita"]
[Black "Abbott, Mark V"]
[Result "0-1"]
[WhiteElo "1657"]
[BlackElo "1856"]
[PlyCount "106"]
[EventDate "2016.11.04"]
[EventType "swiss"]
[EventRounds "5"]
[EventCountry "ENG"]
[SourceTitle "EXT 2023"]
[Source "ChessBase"]
[SourceDate "2022.10.05"]
[SourceVersion "1"]
[SourceVersionDate "2022.10.05"]
[SourceQuality "1"]

1. d4 Nf6 2. c4 c5 3. d5 b5 4. Qc2 d6 5. e4 Nbd7 6. cxb5 g6 7. Nf3 Bg7 8. h3 0-0 9. Nc3 Ne8 10. Be3 Nc7 11. Be2 a6 12. a4 axb5 13. Nxb5 Nxb5 14. Bxb5 Ba6 15. 0-0 Bxb5 16. axb5 Qb6 17. Bg5 f6 18. Bd2 Qxb5 19. Bc3 Nb6 20. b3 Bh6 21. Rfb1 f5 22. Rxa8 Nxa8 23. Ba1 Bg7 24. Bxg7 Kxg7 25. Ng5 Nc7 26. Qc3+ Kg8 27. Rd1 h6 28. Ne6 Nxe6 29. dxe6 fxe4 30. Qe3 Kh7 31. Rd2 Rf6 32. Qxe4 Qxb3 33. Rxd6 exd6 34. e7 Re6 35. e8Q Rxe4 36. Qxe4 Qf7 37. Kf1 d5 38. Qc2 Qa7 39. Qd3 Qa1+ 40. Ke2 Qb2+ 41. Kf3 Qf6+ 42. Ke2 Qe5+ 43. Kf1 Kg7 44. Qa6 c4 45. Qb7+ Kf6 46. Qc6+ Kg5 47. g3 Qe4 48. h4+ Kg4 49. Qc8+ Kf3 50. Qf8+ Qf5 51. Qa3+ Qd3+ 52. Qxd3+ cxd3 53. Ke1 h5 0-1

[Event "Birmingham 4NCL op-A 7th"]
[Site "Birmingham"]
[Date "2016.01.30"]
[Round "2"]
[White "Kalavannan, Koby"]
[Black "Abbott, Mark V"]
[Result "1-0"]
[WhiteElo "2144"]
[BlackElo "1873"]
[PlyCount "87"]
[EventDate "2016.01.29"]
[EventType "swiss"]
[EventRounds "5"]
[EventCountry "ENG"]
[SourceTitle "CBM 170 Extra"]
[Source "ChessBase"]
[SourceDate "2016.02.25"]
[SourceVersion "1"]
[SourceVersionDate "2016.02.25"]
[SourceQuality "1"]

1. d4 Nf6 2. Nf3 c5 3. c4 g6 4. d5 b5 5. cxb5 a6 6. b6 d6 7. Nc3 Bg7 8. h3 Nbd7 9. a4 a5 10. Bf4 0-0 11. e4 Ba6 12. Bb5 Bxb5 13. axb5 Nxb6 14. 0-0 Nfd7 15. Qe2 c4 16. Nd2 Qc7 17. Be3 f5 18. Na4 f4 19. Bxb6 Nxb6 20. Rfc1 Nxa4 21. Rxa4 Qd7 22. b3 Qxb5 23. Qxc4 Qxc4 24. Rcxc4 Rfb8 25. Kf1 f3 26. Rc7 fxg2+ 27. Kxg2 Kf8 28. Nc4 Rxb3 29. Rxa5 Rxa5 30. Nxa5 Rb4 31. Rxe7 Be5 32. Kf3 Ra4 33. Nc6 Ra3+ 34. Kg2 Ra4 35. Rxh7 Rxe4 36. Ra7 Bf6 37. Rd7 Be5 38. Ra7 Ke8 39. Ra8+ Kf7 40. Nd8+ Kf6 41. Nc6 Rc4 42. Rf8+ Kg7 43. Re8 Kf7 44. Rxe5 1-0

[Event "Hinckley e2e4 op"]
[Site "Hinckley Island"]
[Date "2012.08.26"]
[Round "4"]
[White "Clarke, Brandon GI"]
[Black "Abbott, Mark V"]
[Result "1-0"]
[WhiteElo "2158"]
[BlackElo "1968"]
[PlyCount "59"]
[EventDate "2012.08.24"]
[EventType "swiss"]
[EventRounds "7"]
[EventCountry "ENG"]
[SourceTitle "CBM 150 Extra"]
[Source "ChessBase"]
[SourceDate "2012.10.19"]
[SourceVersion "1"]
[SourceVersionDate "2012.10.19"]
[SourceQuality "1"]

1. e4 c5 2. Nf3 g6 3. d4 cxd4 4. Nxd4 Nc6 5. c4 Nf6 6. Nc3 d6 7. Be2 Nxd4 8. Qxd4 Bg7 9. f3 0-0 10. Qf2 Be6 11. Be3 Qa5 12. 0-0 Rfc8 13. c5 dxc5 14. f4 Bc4 15. e5 Bxe2 16. Qxe2 Ne8 17. Nd5 Bf8 18. f5 Qa6 19. Qg4 Nc7 20. Nxc7 Rxc7 21. e6 Qd3 22. exf7+ Kh8 23. Bf4 Qd4+ 24. Kh1 Rc6 25. Rae1 Bg7 26. Rxe7 Rf8 27. Re8 h5 28. Qe2 Qf6 29. Rxf8+ Bxf8 30. Be5 1-0

[Event "Sunningdale op"]
[Site "Sunningdale"]
[Date "2010.09.11"]
[Round "4"]
[White "Gates, David"]
[Black "Abbott, Mark V"]
[Result "1/2-1/2"]
[WhiteElo "1700"]
[BlackElo "2066"]
[PlyCount "97"]
[EventDate "2010.09.10"]
[EventType "swiss"]
[EventRounds "5"]
[EventCountry "ENG"]
[SourceTitle "CBM 138 Extra"]
[Source "ChessBase"]
[SourceDate "2010.10.29"]
[SourceVersion "1"]
[SourceVersionDate "2010.10.29"]
[SourceQuality "1"]

1. e4 c5 2. Nf3 g6 3. Bd3 Nc6 4. c3 Bg7 5. Qe2 e5 6. Bc2 Nge7 7. d3 0-0 8. 0-0 d6 9. Nbd2 h6 10. Re1 Be6 11. Nf1 Kh7 12. h3 Qd7 13. N3h2 f5 14. f4 fxe4 15. f5 Bxf5 16. dxe4 Be6 17. Be3 b6 18. Rad1 Rad8 19. Bc1 Qc8 20. Ne3 d5 21. exd5 Nxd5 22. Nxd5 Bxd5 23. Qh5 e4 24. Qh4 Bxa2 25. Bxh6 Rxd1 26. Bxg7+ Kxg7 27. Rxd1 Qe6 28. Bxe4 Rh8 29. Qf4 Ne5 30. Nf3 Nxf3+ 31. Bxf3 Rf8 32. Qa4 Rf7 33. Ra1 Bc4 34. Qc2 Qe3+ 35. Kh2 Bd3 36. Qc1 Qf2 37. Bd5 Re7 38. Qg5 Qf6 39. Qg3 Bb5 40. Qb8 a5 41. Qg8+ Kh6 42. c4 Be8 43. Rb1 Bf7 44. Bxf7 Rxf7 45. b3 Qf5 46. Rd1 Rf8 47. Qd5 Qf4+ 48. Kh1 Qe3 49. Qd6 1/2-1/2

[Event "Leyland op"]
[Site "Leyland"]
[Date "2010.08.28"]
[Round "1"]
[White "Coates, David H"]
[Black "Abbott, Mark V"]
[Result "1/2-1/2"]
[WhiteElo "2068"]
[BlackElo "2135"]
[PlyCount "62"]
[EventDate "2010.08.28"]
[EventType "swiss"]
[EventRounds "6"]
[EventCountry "ENG"]
[SourceTitle "CBM 138 Extra"]
[Source "ChessBase"]
[SourceDate "2010.10.29"]
[SourceVersion "1"]
[SourceVersionDate "2010.10.29"]
[SourceQuality "1"]

1. d4 Nf6 2. c4 c5 3. d5 b5 4. cxb5 a6 5. bxa6 g6 6. Nc3 Bxa6 7. g3 d6 8. Bg2 Bg7 9. Nf3 Nbd7 10. Rb1 Qa5 11. 0-0 Nb6 12. Re1 0-0 13. e4 Nfd7 14. Bg5 Rfe8 15. Qc2 Nc4 16. Rbc1 Nde5 17. Red1 h6 18. Bf4 Reb8 19. b3 Na3 20. Qd2 Nd3 21. Bxh6 Nxc1 22. Bxg7 Kxg7 23. Rxc1 Nb5 24. h4 Bc8 25. a4 Nxc3 26. Rxc3 Bg4 27. Qb2 f6 28. Qc2 Rb4 29. Nh2 Bd7 30. Bf1 Kf7 31. Bc4 Rh8 1/2-1/2

[Event "Yeovil op"]
[Site "Yeovil"]
[Date "2007.06.17"]
[Round "5"]
[White "Abbott, Mark V"]
[Black "Cordner, David A"]
[Result "0-1"]
[WhiteElo "1888"]
[BlackElo "2032"]
[PlyCount "80"]
[EventDate "2007.06.15"]
[EventType "swiss"]
[EventRounds "5"]
[EventCountry "ENG"]
[SourceTitle "CBM 119 Extra"]
[Source "ChessBase"]
[SourceDate "2007.09.04"]
[SourceVersion "1"]
[SourceVersionDate "2007.09.04"]
[SourceQuality "1"]

1. d4 Nf6 2. c4 e5 3. dxe5 Ng4 4. e3 Nxe5 5. Nh3 Bb4+ 6. Bd2 Bxd2+ 7. Qxd2 d6 8. Nf4 Be6 9. b3 0-0 10. Nc3 Nbd7 11. Be2 Nf6 12. h3 Qd7 13. 0-0 Rae8 14. Rad1 Re7 15. c5 dxc5 16. Qxd7 Rxd7 17. Nxe6 fxe6 18. f4 Rxd1 19. Rxd1 Nc6 20. Bc4 Kf7 21. f5 Nd8 22. Nb5 Ke7 23. fxe6 Nxe6 24. Bxe6 Kxe6 25. Nxc7+ Ke5 26. Nb5 Nd5 27. e4 Nf6 28. Nc3 h5 29. a4 h4 30. Kh2 Rc8 31. Nb5 a6 32. Nc3 c4 33. b4 Rc7 34. Kg1 Rd7 35. Rc1 Rd4 36. b5 axb5 37. axb5 g6 38. Kf1 Nxe4 39. Ne2 Rd5 40. Ra1 Rxb5 0-1

[Event "Yeovil op"]
[Site "Yeovil"]
[Date "2007.06.16"]
[Round "3"]
[White "Abbott, Mark V"]
[Black "Morris, Gareth"]
[Result "0-1"]
[WhiteElo "1888"]
[BlackElo "1960"]
[PlyCount "96"]
[EventDate "2007.06.15"]
[EventType "swiss"]
[EventRounds "5"]
[EventCountry "ENG"]
[SourceTitle "CBM 119 Extra"]
[Source "ChessBase"]
[SourceDate "2007.09.04"]
[SourceVersion "1"]
[SourceVersionDate "2007.09.04"]
[SourceQuality "1"]

1. d4 Nf6 2. c4 c5 3. d5 b5 4. cxb5 a6 5. bxa6 g6 6. Nc3 Bxa6 7. e4 Bxf1 8. Kxf1 d6 9. g3 Bg7 10. Nf3 0-0 11. Kg2 Qc8 12. Re1 Qb7 13. a4 Nfd7 14. Ra3 c4 15. Nd2 Rc8 16. f4 Na6 17. Qe2 Nb4 18. Nxc4 Rxc4 19. Qxc4 Nc2 20. Rb3 Nxe1+ 21. Kf1 Qa7 22. Kxe1 Qg1+ 23. Kd2 Nc5 24. Ra3 Bxc3+ 25. Rxc3 Rxa4 26. b4 Ra2+ 27. Rc2 Qxh2+ 28. Kd1 Qh1+ 29. Ke2 Qg2+ 30. Kd1 Qf3+ 31. Qe2 Qh1+ 32. Kd2 Nxe4+ 33. Kd3 Rxc2 34. Kxc2 f5 35. b5 Qg1 36. Qe3 Qf1 37. Qd3 Qf2+ 38. Kb1 Kf7 39. Be3 Qxg3 40. Kc2 Qe1 41. b6 Qa5 42. Qb3 Nf6 43. b7 Qc7+ 44. Kd3 Nd7 45. Ba7 Nb8 46. Kd4 Nd7 47. Qe3 Qxb7 48. Qe6+ Ke8 0-1

[Event "West of England op"]
[Site "Exmouth"]
[Date "2007.04.09"]
[Round "7"]
[White "Abbott, Mark V"]
[Black "Roberts, David Llewelyn"]
[Result "1-0"]
[WhiteElo "1888"]
[BlackElo "2032"]
[PlyCount "107"]
[EventDate "2007.04.06"]
[EventType "swiss"]
[EventRounds "7"]
[EventCountry "ENG"]
[SourceTitle "CBM 118 Extra"]
[Source "ChessBase"]
[SourceDate "2007.07.04"]
[SourceVersion "1"]
[SourceVersionDate "2007.07.04"]
[SourceQuality "1"]

1. d4 Nf6 2. c4 g6 3. Nc3 Bg7 4. e4 d6 5. Nf3 0-0 6. Be2 e5 7. 0-0 Nc6 8. d5 Ne7 9. b4 a5 10. Ba3 axb4 11. Bxb4 Nd7 12. a4 Bh6 13. Ne1 f5 14. Nd3 Nf6 15. Bf3 fxe4 16. Nxe4 Nxe4 17. Bxe4 Nf5 18. c5 Qh4 19. Re1 Ne3 20. fxe3 Qxe4 21. cxd6 Bxe3+ 22. Kh1 Bh3 23. Qe2 Rf5 24. Nc5 Qxd5 25. Rad1 Bd4 26. Qe4 Qa2 27. Re2 Raf8 28. gxh3 Rf1+ 29. Rxf1 Rxf1+ 30. Kg2 Rf2+ 31. Kg3 Rxe2 32. d7 Bf2+ 33. Kf3 Rxe4 34. d8Q+ Kf7 35. Qd7+ Kg8 36. Qe8+ Kg7 37. Qe7+ Qf7+ 38. Qxf7+ Kxf7 39. Kxe4 b6 40. Nd3 c5 41. Bc3 Bg1 42. Nxe5+ Ke6 43. Nf3 Bf2 44. Ng5+ Ke7 45. Kd5 h5 46. Kc6 Be3 47. Ne4 Ke6 48. Kxb6 Kd5 49. Nf6+ Kc4 50. Be1 Kb3 51. Nd5 Bg1 52. a5 c4+ 53. Kb5 Bxh2 54. a6 1-0

[Event "West of England op"]
[Site "Exmouth"]
[Date "2007.04.08"]
[Round "5"]
[White "Abbott, Mark V"]
[Black "Shire, David J"]
[Result "1/2-1/2"]
[WhiteElo "1888"]
[BlackElo "1960"]
[PlyCount "61"]
[EventDate "2007.04.06"]
[EventType "swiss"]
[EventRounds "7"]
[EventCountry "ENG"]
[SourceTitle "CBM 118 Extra"]
[Source "ChessBase"]
[SourceDate "2007.07.04"]
[SourceVersion "1"]
[SourceVersionDate "2007.07.04"]
[SourceQuality "1"]

1. d4 e6 2. c4 Bb4+ 3. Nc3 f5 4. Nf3 Nf6 5. g3 b6 6. Bg2 Bb7 7. Qb3 a5 8. a3 Bxc3+ 9. Qxc3 a4 10. Bg5 0-0 11. 0-0 h6 12. Bxf6 Qxf6 13. Rac1 Ra7 14. e3 Nc6 15. d5 Ne7 16. Qxf6 Rxf6 17. Nd4 c5 18. Nb5 Ra8 19. Nd6 exd5 20. Nxb7 Rb8 21. cxd5 Rxb7 22. d6 Nc6 23. Rfd1 Rb8 24. Rc4 Ne5 25. Rxa4 Kf8 26. b4 Nf7 27. bxc5 bxc5 28. Ra7 Ke8 29. Rc7 Rxd6 30. Rxd6 Nxd6 31. Rxc5 1/2-1/2

[Event "East Devon op"]
[Site "Exeter"]
[Date "2007.02.24"]
[Round "2"]
[White "Taylor, Geoffrey P"]
[Black "Abbott, Mark V"]
[Result "1-0"]
[WhiteElo "1808"]
[BlackElo "1888"]
[PlyCount "63"]
[EventDate "2007.02.23"]
[EventType "swiss"]
[EventRounds "5"]
[EventCountry "ENG"]
[SourceTitle "CBM 117 Extra"]
[Source "ChessBase"]
[SourceDate "2007.05.09"]
[SourceVersion "1"]
[SourceVersionDate "2007.05.09"]
[SourceQuality "1"]

1. e4 c5 2. Nf3 g6 3. Bc4 Nc6 4. d4 cxd4 5. Nxd4 Bg7 6. c3 Nf6 7. Qe2 0-0 8. e5 Ne8 9. f4 Nc7 10. Be3 d6 11. Na3 dxe5 12. Nxc6 bxc6 13. Rd1 Nd5 14. fxe5 Qa5 15. Bd4 Nf4 16. Qe4 Nd5 17. 0-0 Be6 18. Nc2 Rad8 19. b4 Qc7 20. Bd3 Nb6 21. Ne3 Bxa2 22. c4 Rxd4 23. Qxd4 Bxe5 24. Qh4 Bf6 25. Rxf6 exf6 26. Qxf6 Re8 27. Ng4 Bxc4 28. Nh6+ Kf8 29. Bxc4 Nxc4 30. Qh8+ Ke7 31. Re1+ Kd6 32. Qd4# 1-0